00432 2200157 4500001002100000005001500021035002000036245006300056100002700119300002100146260003300167082001000200084001600210020002200226990002600248INLIS00000000000049820251105020016 a0010-11250000771 aTOP Fokus menguasai Semua Jenis Soal psikotes Gambar & PnP0 aTim Tentor Otebe smart a328 hlm ;c23 cm aJakarta :btim tentor,c2019 a658.3 a658.3 TIM t a978-602-53949-3-5 a2019/SMKMIRI/2399/001